Investigating Challenges and Impacts in Implementing Technology Based Tools for Online Classes (Record no. 67447)

MARC details
000 -LEADER
fixed length control field 00445nam a22001337a 4500
100 ## - MAIN ENTRY--AUTHOR NAME
Personal name Ayaz Ali
-- 17-16MSIT11
245 ## - TITLE STATEMENT
Title Investigating Challenges and Impacts in Implementing Technology Based Tools for Online Classes
260 ## - PUBLICATION, DISTRIBUTION, ETC. (IMPRINT)
Place of publication Nawabshah
Name of publisher Quest
Year of publication 2021
300 ## - PHYSICAL DESCRIPTION
Number of Pages 80p.
650 ## - SUBJECT ADDED ENTRY--TOPICAL TERM
Topical Term Master of Science in Information Technology
700 ## - ADDED ENTRY--PERSONAL NAME
Personal name Department of Information Technology
856 ## - ELECTRONIC LOCATION AND ACCESS
Uniform Resource Identifier https://tinyurl.com/kkwpppe5
942 ## - ADDED ENTRY ELEMENTS (KOHA)
Koha item type Thesis and Dissertation
Holdings
Withdrawn status Lost status Home library Current library Date acquired Accession Number Koha item type
    Research Section Research Section 18/01/2022 MP/71-933 Thesis and Dissertation
    Research Section Research Section 18/01/2022 MP/71-934 Thesis and Dissertation